000 00385nam a2200145Ia 4500
008 210716s1995 xx 000 0 und d
020 _a0877090661
041 _aeng
082 _a005.7 SANG
100 _aSanders, G Lawrence.
245 _aData modeling.
260 _aNew York
_bInternational thomson publishing company
_c1995
300 _aviii, 148
650 _aGeneral Knowledge
999 _c206308
_d206308